00456nam a2200133 a 450000100100000000500170001000800410002702000150006804000250008310000350010824501160014326000420025930000210030100003874620201002031345.0130419s1997 dr 000 0 spa d a9687277141 aDO-SdBNPbspacBNPHU1 aCuauhtémoc Sánchez, Carlos13aLa fuerza de sheccid :buna impactante historia de amor con mensje de valores /cCarlos Cuauhtémoc Sánchez. aMéxico :bSelectas Diamante,c1997. a192 p. ;c24 cm.